00558nam a22001697a 4500003000400000005001700004008004100021040000800062082001500070100001900085245010500104250006000209260005700269300001200326630002300338650002700361OSt20181016195710.0181016b ||||| |||| 00| 0 eng d cDLC a202bW899N aWoodward, Dick aNew Testament handbook : ba companion piece for the audio or video tape series /cBy Dick Woodward. aThe Whole World Mini Bible College For The Whole World. aUSA :bInternational Cooperating Ministries,cc1995. a544 p.: aMini Bible College aNew Testament HandBook